000 00597nam a2200229 i 4500
001 C2-0060040
003 PPAK
005 20190630222107.0
008 970301s1984 enka|||| ||||| | eng d
020 _a0222009403
040 _aPPAK
_beng
_cPPAK
_erda
082 0 4 _a943.6053
_223
090 0 0 _a943.6053
_bJAM
_dR
100 1 _aJames, Alan,
_eauthor
245 1 0 _aLet's visit Austria
264 1 _aLondon :
_bBurke ,
_c1984
300 _a96 pages :
_billustrations ;
_c21 cm
336 _2rdacontent
_atext
337 _2rdamedia
_aunmediated
338 _2rdacarrier
_avolume
942 _ddc
_cB
999 _c7053
_d7053